| 000 | 00782cam a22002651 4500 | ||
|---|---|---|---|
| 001 | 26328 | ||
| 003 | BD-RjUL | ||
| 005 | 20211209051012.0 | ||
| 008 | 140322s1952 enka 001 0 eng d | ||
| 035 | _a(BD-RjUL) 26398 | ||
| 035 | _a(OCoLC)1580990 | ||
| 040 |
_aDLC _cOClU _dUk _dDLC _dBD-RjUL _beng |
||
| 041 | _aeng | ||
| 082 |
_a954.918031 _bLAS 1952 |
||
| 100 | 1 |
_aLambrick, H. T. _980950 |
|
| 245 | 1 | 0 |
_aSir Charles Napier and Sind / _cH. T. Lambrick, |
| 260 |
_aOxford : _bClarendon Press, _c1952. |
||
| 300 |
_a402 p. : _bill. ; _c23 cm. |
||
| 504 | _aBibliography: p.[375]-385. and Index | ||
| 600 | 1 | 0 |
_aNapier, Charles James, _d1782-1853. _980951 |
| 651 | 0 |
_aSindh (Pakistan) _xHistory. _980952 |
|
| 942 |
_2ddc _cBK |
||
| 999 |
_c26328 _d26328 |
||